BIBLIOTECA PODER JUDICIAL
Portal Judicial TDF

Descentralización administrativa y autarquía : (Registro nro. 6204)

000 -LEADER
fixed length control field 01624nabaa22002537a 4500
003 - CONTROL NUMBER IDENTIFIER
control field OSt
005 - DATE AND TIME OF LATEST TRANSACTION
control field 20260125210358.0
008 - FIXED-LENGTH DATA ELEMENTS--GENERAL INFORMATION
fixed length control field 190701b xxu||||| |||| 00| 0 spa d
040 ## - CATALOGING SOURCE
Transcribing agency PJ
100 ## - MAIN ENTRY--PERSONAL NAME
9 (RLIN) 6934
Personal name Depetris, Francisco José
245 10 - TITLE STATEMENT
Title Descentralización administrativa y autarquía :
Remainder of title un abordaje sobre la responsabilidad del Estado central por la actuación de sus entidades autárquicas /
Statement of responsibility, etc Francisco José Depetris, Federico Martín Caula.
300 ## - PHYSICAL DESCRIPTION
Extent p. 118-126
500 ## - GENERAL NOTE
General note Cita: TR LALEY AR/DOC/2733/2024
505 ## - FORMATTED CONTENTS NOTE
Formatted contents note Sumario: I. La descentralización administrativa como herramienta de reparto de funciones estatales.— II. Autonomía y autarquía.— III. La responsabilidad estatal por la actuación de las entidades autárquicas.— IV. La responsabilidad del Estado central por las obligaciones de las entidades autárquicas. Regla general. Fundamentos propuestos.— V. Características de la responsabilidad.— VI. La evolución en la jurisprudencia de la provincia de Santa Fe.— VII. El enigma de la subsidiariedad.— VIII. Consideraciones finales.
505 ## - FORMATTED CONTENTS NOTE
Title ¿Te interesa el texto completo? Comunicate al correo: koha@justierradelfuego.gov.ar
650 #0 - SUBJECT ADDED ENTRY--TOPICAL TERM
9 (RLIN) 211
Topical term or geographic name as entry element DERECHO ADMINISTRATIVO
650 #0 - SUBJECT ADDED ENTRY--TOPICAL TERM
9 (RLIN) 3177
Topical term or geographic name as entry element REFORMA DEL ESTADO
650 #0 - SUBJECT ADDED ENTRY--TOPICAL TERM
9 (RLIN) 1135
Topical term or geographic name as entry element PROCEDIMIENTO ADMINISTRATIVO
650 #0 - SUBJECT ADDED ENTRY--TOPICAL TERM
9 (RLIN) 1171
Topical term or geographic name as entry element ACTO ADMINISTRATIVO
650 #0 - SUBJECT ADDED ENTRY--TOPICAL TERM
9 (RLIN) 802
Topical term or geographic name as entry element DESCENTRALIZACION ADMINISTRATIVA
700 ## - ADDED ENTRY--PERSONAL NAME
9 (RLIN) 6935
Personal name Caula, Federico Martín
773 0# - HOST ITEM ENTRY
Host Biblionumber 2842
Host Itemnumber 3251
Place, publisher, and date of publication Buenos Aires : AbeledoPerrot, 2012-
Other item identifier DA121
Title Derecho administrativo. Nº 156 noviembre/diciembre 2024
International Standard Book Number 18510590
942 ## - ADDED ENTRY ELEMENTS (KOHA)
Source of classification or shelving scheme
Koha item type Analítica Artículo de Revista

No hay ítems disponibles.

12 de Octubre 789 Ushuaia - Tel:  54(02901)441571
Horario de Atención: 8.00 a 17.00 hs. 
bibliotecaush@justierradelfuego.gov.ar
koha@justierradelfuego.gov.ar
Seguinos en nuestras redes @bibliojustdf 

Con tecnología Koha